000 00621nam a22002537a 4500
001 BR6000997
003 BR-BrBNA
005 20230928095510.0
007 ta
008 230509b bl.||||| |||| 00| 0 por d
040 _aBR-BrBNA
_bpor
_cBiblioteca Nacional de Agricultura
041 _a(Por)
072 _aL01
_b7110
090 _ 7110 BR6000997
100 1 _aAraujo, N.
245 1 _aComece bem sua criacao de abelhas
260 3 _aNiteroi, RJ (Brasil):
_c1961.
300 _a175 p.
650 _aApicultura
650 _aAbelha
650 _aCriacao
909 _a202309
_bLucia
_c55
_dLucia Elande
942 _cBK
999 _c56925
_d56925